Die Sevillaner Malerschule (Record no. 8012)

MARC details
000 -CABECERA
campo de control de longitud fija 00823nam a2200253 a 4500
001 - NÚMERO DE CONTROL
campo de control BRCA_8344
005 - FECHA Y HORA DE LA ÚLTIMA TRANSACCIÓN
campo de control 20190320210236.0
008 - DATOS DE LONGITUD FIJA--INFORMACIÓN GENERAL
campo de control de longitud fija 140714s1911----gw-a###f##---#001-0#ger-#
041 ## - CÓDIGO DE LENGUA
Código de lengua del texto/banda sonora o título independiente ger
044 ## - CÓDIGO DEL PAÍS DE LA ENTIDAD EDITORA/PRODUCTORA
Código MARC del país gw
050 #4 - SIGNATURA TOPOGRÁFICA DE LA BIBLIOTECA DEL CONGRESO
Número de clasificación ND811.S4
Número de documento/Ítem .M3 1911
100 1# - ENTRADA PRINCIPAL--NOMBRE DE PERSONA
Nombre de persona Mayer, August L.
9 (RLIN) 20884
245 10 - MENCIÓN DE TÍTULO
Título Die Sevillaner Malerschule
Resto del título beiträge zu ihrer geschichte
Mención de responsabilidad, etc. von August L. Mayer
260 ## - PUBLICACIÓN, DISTRIBUCIÓN, ETC.
Lugar de publicación, distribución, etc. Leipzig
Nombre del editor, distribuidor, etc. Klinkhardt & Biermann
Fecha de publicación, distribución, etc. 1911
300 ## - DESCRIPCIÓN FÍSICA
Extensión xii, 226 p.
Otras características físicas il., 70 láminas
Dimensiones 29 cm.
500 ## - NOTA GENERAL
Nota general Incluye índice de obras, índice de ilustraciones e índice de artistas
500 ## - NOTA GENERAL
Nota general R66
600 14 - PUNTO DE ACCESO ADICIONAL DE MATERIA--NOMBRE DE PERSONA
Nombre de persona Ruelas, Juan de
Fechas asociadas al nombre 1625m
9 (RLIN) 20885
600 14 - PUNTO DE ACCESO ADICIONAL DE MATERIA--NOMBRE DE PERSONA
Nombre de persona Valdés Leal, Juan de
Fechas asociadas al nombre 1622-1690
9 (RLIN) 3720
650 14 - PUNTO DE ACCESO ADICIONAL DE MATERIA--TÉRMINO DE MATERIA
Término de materia o nombre geográfico como elemento de entrada Arte sevillano
Subdivisión geográfica España
9 (RLIN) 20886
651 #4 - PUNTO DE ACCESO ADICIONAL DE MATERIA--NOMBRE GEOGRÁFICO
Nombre geográfico Sevilla
Subdivisión general Historia del arte
9 (RLIN) 20887
902 ## - CATALOGADOR
Iniciales GFM
942 ## - ELEMENTOS DE PUNTO DE ACCESO ADICIONAL (KOHA)
Fuente del sistema de clasificación o colocación Library of Congress Classification
Tipo de ítem Koha Libros
Holdings
Estado de retiro Estado de pérdida Estado dañado No para préstamo Localización permanente Ubicación/localización actual Fecha de adquisición Número de inventario Total de préstamos Signatura topográfica completa Código de barras Fecha visto por última vez Precio válido a partir de Tipo de ítem Koha
El ejemplar forma parte de la colección y puede ser consultado según las políticas vigentes.       Biblioteca del Museo Franz Mayer (Rogerio Casas-Alatriste) Biblioteca del Museo Franz Mayer (Rogerio Casas-Alatriste) 14/07/2014 R66   ND811.S4 .M3 1911 (R66) 8968 22/03/2019 22/03/2019 Libros